| 000 | 01086cam a22003377a 4500 | ||
|---|---|---|---|
| 003 | CHAP | ||
| 005 | 20220329140734.0 | ||
| 008 | 971013s1987 r 00010 d | ||
| 010 | _a56837 | ||
| 011 | _a57809 | ||
| 035 | _a61964 | ||
| 040 | _cCHAP | ||
| 090 | _aFolleto 11192 | ||
| 100 | 0 | 0 |
_aSoderstrom, Thomas R. _9108258 |
| 245 | 1 | 4 | _aThe Phareae and Streptogyneae (Poaceae) of Sri Lanka: a morphological-anatomical study |
| 260 |
_aWashington : _bSmithsonian Institution, _c1987 |
||
| 300 |
_a27 p. _b: ilus. |
||
| 490 | 0 |
_aSmithsonian contributions to botany _v; 65 |
|
| 590 |
_aBATCH-UPD _b10 _c20130110 _lUCH01 _h0212 |
||
| 590 |
_aBATCH-UPD _b10 _c20130110 _lUCH01 _h1456 |
||
| 590 |
_aCONVERSION _b10 _c20130109 _lUCH01 _h1331 |
||
| 650 | 1 | 4 |
_aPastos. _985986 |
| 650 | 1 | 4 |
_aPhareae. _987767 |
| 650 | 1 | 4 |
_aStreptogyneae. _9109988 |
| 700 | 0 |
_aEllis, Roger P. _936394 |
|
| 700 | 0 |
_aJudziewics, Ernest J. _962274 |
|
| 830 | 0 |
_aSmithsonian contributions to botany _v; 65 _9107168 |
|
| 901 | _aBK | ||
| 942 | _cFOLL | ||
| 949 |
_aFolleto 11192 _bBC _cFOLL _d-132918 _eTS1 _i61964 _si |
||
| 999 |
_c56837 _d56837 |
||